Death in the dark : midnight executions in America /

Bibliographic Details
Main Author: Bessler, John D.
Format: Book
Language:English
Published: Boston : Northeastern University Press, [1997]
Subjects:

MARC

Tag First Indicator Second Indicator Subfields
LEADER 00000cam a2200000 a 4500
001 in00001404049
005 20151020054311.0
008 970303s1997 maua 001 0 eng
010 |a  97008110  
020 |a 1555533221 (alk. paper) 
035 |a (OCoLC)36528311 
035 |9 AHN1040AM 
040 |a DLC  |c DLC  |d TXA  |d UtOrBLW 
043 |a n-us--- 
049 |a TXAM 
050 0 0 |a HV8699.U5  |b B47 1997 
082 0 0 |a 364.66/0973  |2 21 
100 1 |a Bessler, John D. 
245 1 0 |a Death in the dark :  |b midnight executions in America /  |c John D. Bessler. 
264 1 |a Boston :  |b Northeastern University Press,  |c [1997] 
264 4 |c ©1997 
300 |a x, 319 pages :  |b illustrations ;  |c 25 cm. 
336 |a text  |b txt  |2 rdacontent 
337 |a unmediated  |b n  |2 rdamedia 
338 |a volume  |b nc  |2 rdacarrier 
504 |a Includes bibliographical references (pages 221-296) and index. 
650 0 |a Capital punishment  |z United States. 
650 0 |a Executions and executioners  |z United States. 
999 |a MARS 
999 f f |s fcd5769c-6cce-3852-883c-b5664d4e4a2b  |i e41739f8-b31f-331d-9de1-045452317dcf  |t 0 
952 f f |p normal  |a Texas A&M University  |b College Station  |c Sterling C. Evans Library  |d Evans: Library Stacks  |t 0  |e HV8699.U5 B47 1997  |h Library of Congress classification  |i unmediated -- volume  |m A14822132927 
998 f f |a HV8699.U5 B47 1997  |t 0  |l Evans: Library Stacks